<The> Specifics and Patterns of Cybercrime in the Field of Payment Processing

Analýza skúsenosti medzinárodného spoločenstva a mnohých štátov v boji proti počítačovej kriminalite v oblasti spracovania platieb. Analyzované boli medzinárodné a regionálne (na príklade Rady Európy) právne úpravy boja proti tomuto druhu trestnej činnosti.

Salvato in:
Dettagli Bibliografici
Autore principale: Šturc, Boris, 1961-
Altri autori: Gurová, Tatyana, Chernov, Sergei
Natura: Capitolo di libro
Lingua:inglese
Soggetti:
Tags: Aggiungi Tag
Nessun Tag, puoi essere il primo ad aggiungerne!!

MARC

LEADER 00000naa a2200000 4500
001 0271777
005 20241031104620.4
041 0 |a eng 
044 |a CA 
245 1 0 |a <The> Specifics and Patterns of Cybercrime in the Field of Payment Processing  |c Boris Šturc, Tatyana Gurová, Sergei Chernov 
520 |a Analýza skúsenosti medzinárodného spoločenstva a mnohých štátov v boji proti počítačovej kriminalite v oblasti spracovania platieb. Analyzované boli medzinárodné a regionálne (na príklade Rady Európy) právne úpravy boja proti tomuto druhu trestnej činnosti. 
610 2 0 |a technológie informačné 
610 2 0 |a internet 
610 2 0 |a kybernetika 
610 2 0 |a bezpečnosť kybernetická 
610 2 0 |a kriminológia 
100 1 |a Šturc, Boris, 1961- 
700 1 |a Gurová, Tatyana 
700 1 |a Chernov, Sergei